000 00305nam a22001217a 4500
003 SGT
082 _a080
_bH16O
100 _aओझा, रमेश
245 _aहमारे नरेंद्र भाई
260 _bविजय प्रकाशन
_c2016
300 _a268
942 _2ddc
_cBK
999 _c31612
_d31612